Taylor Swift - Reputation - Statistiken

Allgemein
  • Dieses Quiz wurde 639 mal gespielt
  • Das Durchschnittsergebnis liegt bei 11 aus 15
Antwortstatistiken
Nein Track % Korrekt
1 .. Ready For It?
91%
6 Look What You Made Me Do
88%
5 Delicate
83%
4 Don't Blame Me
77%
12 Dress
77%
2 End Game
77%
15 New Year's Day
77%
9 Getaway Car
75%
10 King Of My Heart
71%
8 Gorgeous
70%
3 I Did Something Bad
70%
14 Call It What You Want
65%
13 This Is Why We Can't Have Nice Things
63%
11 Dancing With Our Hands Tied
61%
7 So It Goes..
59%
Keine übereinstimmenden Quizze gefunden
Verteilung der Resultate
Anzahl Personen mit jedem Resultat
Perzentil nach korrekt beantworteten Fragen
Ihre Resultats-Entwicklung
Sie haben dieses Quiz noch nicht gespielt